[Event "Bergamo op 13th"]
[Site "Bergamo"]
[Date "2014.07.19"]
[Round "3"]
[White "Spornberger, Maximilian"]
[Black "Dvirnyy, Danyyil"]
[Result "0-1"]
[WhiteElo "2282"]
[BlackElo "2529"]
[PlyCount "78"]
[EventDate "2014.07.18"]
[EventType "swiss"]
[EventRounds "6"]
[EventCountry "ITA"]
[SourceTitle "CBM 161 Extra"]
[Source "ChessBase"]
[SourceDate "2014.08.29"]
[SourceVersion "1"]
[SourceVersionDate "2014.08.29"]
[SourceQuality "1"]

1. e4 e5 2. Nf3 Nc6 3. d4 exd4 4. Bc4 Bc5 5. c3 Nf6 6. cxd4 Bb4+ 7. Bd2 Nxe4 8. Bxb4 Nxb4 9. Bxf7+ Kxf7 10. Qb3+ Kf8 11. Qxb4+ Qe7 12. Qa3 Nf6+ 13. Qxe7+ Kxe7 14. 0-0 b6 15. Re1+ Kd8 16. Ne5 Rf8 17. Nc3 Bb7 18. Rac1 d6 19. Nd3 Kd7 20. a4 a5 21. b4 Nd5 22. b5 Rae8 23. Red1 Nxc3 24. Rxc3 Re4 25. Nc1 Rfe8 26. Kf1 c6 27. f3 R4e7 28. Nd3 cxb5 29. axb5 Rc8 30. Rxc8 Kxc8 31. Nb2 Bd5 32. Na4 Bb3 33. Rc1+ Rc7 34. Ra1 Kb7 35. Ra3 Bc4+ 36. Kf2 Bxb5 37. Ke3 Re7+ 38. Kf4 Bxa4 39. Rxa4 Kc6 0-1

[Event "Vienna op 18th"]
[Site "Vienna"]
[Date "2013.08.24"]
[Round "8"]
[White "Zeller, Frank"]
[Black "Spornberger, Maximilian"]
[Result "1-0"]
[WhiteElo "2419"]
[BlackElo "2250"]
[PlyCount "93"]
[EventDate "2013.08.17"]
[EventType "swiss"]
[EventRounds "9"]
[EventCountry "AUT"]
[SourceTitle "CBM 156 Extra"]
[Source "ChessBase"]
[SourceDate "2013.10.22"]
[SourceVersion "1"]
[SourceVersionDate "2013.10.22"]
[SourceQuality "1"]

1. d4 Nf6 2. c4 g6 3. Nc3 Bg7 4. e4 d6 5. Be2 0-0 6. Be3 c5 7. e5 Nfd7 8. exd6 exd6 9. Nf3 Nc6 10. 0-0 Qb6 11. Rb1 cxd4 12. Nd5 Qa5 13. Nxd4 Nde5 14. Nb5 Bf5 15. Ra1 Nd7 16. Nxd6 Bxb2 17. Nxf5 gxf5 18. Rb1 Bg7 19. Rxb7 Nde5 20. Qb1 Rab8 21. Rb5 Qa4 22. Ne7+ Kh8 23. Nxc6 Nxc6 24. Qxf5 Ne7 25. Qc5 Qxa2 26. Qxa7 Ra8 27. Qxa2 Rxa2 28. Bg4 f5 29. Bf3 Rc8 30. Bg5 Ra7 31. c5 Bd4 32. Bxe7 Rxe7 33. c6 Be5 34. g3 Kg7 35. Rd1 Kf6 36. Kg2 Rcc7 37. Rd8 f4 38. Bd5 Rg7 39. Rf8+ Ke7 40. Rbb8 Kd6 41. Rbd8+ Kc5 42. Rf5 Rce7 43. Bf3 Kb6 44. Rd5 Bc7 45. Ra5 Bd8 46. Rfb5+ Kc7 47. Rb7+ 1-0

[Event "Vienna op 18th"]
[Site "Vienna"]
[Date "2013.08.19"]
[Round "3"]
[White "Spornberger, Maximilian"]
[Black "Manik, Mikulas"]
[Result "1/2-1/2"]
[WhiteElo "2250"]
[BlackElo "2408"]
[PlyCount "26"]
[EventDate "2013.08.17"]
[EventType "swiss"]
[EventRounds "9"]
[EventCountry "AUT"]
[SourceTitle "CBM 156 Extra"]
[Source "ChessBase"]
[SourceDate "2013.10.22"]
[SourceVersion "1"]
[SourceVersionDate "2013.10.22"]
[SourceQuality "1"]

1. e4 c5 2. c3 Nf6 3. e5 Nd5 4. d4 cxd4 5. Nf3 Nc6 6. cxd4 d6 7. Bc4 Nb6 8. Bb5 d5 9. 0-0 Bf5 10. Nh4 Bd7 11. Bxc6 bxc6 12. Nc3 e6 13. Qg4 Rc8 1/2-1/2

[Event "Arco Christmas op 3rd"]
[Site "Arco"]
[Date "2012.12.29"]
[Round "5"]
[White "De Santis, Alessio"]
[Black "Spornberger, Maximilian"]
[Result "1-0"]
[WhiteElo "2281"]
[BlackElo "2265"]
[PlyCount "61"]
[EventDate "2012.12.26"]
[EventType "swiss"]
[EventRounds "7"]
[EventCountry "ITA"]
[SourceTitle "CBM 152 Extra"]
[Source "ChessBase"]
[SourceDate "2013.02.25"]
[SourceVersion "1"]
[SourceVersionDate "2013.02.25"]
[SourceQuality "1"]

1. d4 g6 2. e4 Bg7 3. c4 d6 4. Nc3 a6 5. Nf3 Bg4 6. Be2 Bxf3 7. Bxf3 Nc6 8. Be3 e5 9. Ne2 exd4 10. Nxd4 Ne5 11. Be2 Qh4 12. Qa4+ Kf8 13. 0-0 Qxe4 14. Rfe1 Nf6 15. Rad1 Nfd7 16. Bg5 Nc5 17. Qa3 b6 18. b4 Ne6 19. f3 Qb7 20. Nxe6+ fxe6 21. f4 Nc6 22. Bf3 Re8 23. Qb3 b5 24. Kh1 bxc4 25. Qxc4 d5 26. Bxd5 exd5 27. Rxe8+ Kxe8 28. Qxd5 Kf8 29. Qc5+ Kg8 30. Qc4+ Kf8 31. Rd7 1-0

[Event "Arco Christmas op 3rd"]
[Site "Arco"]
[Date "2012.12.27"]
[Round "2"]
[White "Spornberger, Maximilian"]
[Black "Lezzerini, Marco"]
[Result "1-0"]
[WhiteElo "2265"]
[BlackElo "1928"]
[PlyCount "45"]
[EventDate "2012.12.26"]
[EventType "swiss"]
[EventRounds "7"]
[EventCountry "ITA"]
[SourceTitle "CBM 152 Extra"]
[Source "ChessBase"]
[SourceDate "2013.02.25"]
[SourceVersion "1"]
[SourceVersionDate "2013.02.25"]
[SourceQuality "1"]

1. e4 d6 2. d4 Nf6 3. Nc3 g6 4. Nf3 Bg7 5. h3 0-0 6. Be3 a6 7. a4 b6 8. e5 Nfd7 9. e6 fxe6 10. Bd3 Nf6 11. h4 Qe8 12. Qe2 c5 13. Ng5 Nc6 14. dxc5 bxc5 15. h5 c4 16. Bxc4 d5 17. Bb3 Bd7 18. h6 Bh8 19. Bc5 Qc8 20. 0-0 Ne8 21. Nxd5 exd5 22. Bxd5+ e6 23. Nxe6 1-0

[Event "Crema op 14th"]
[Site "Crema"]
[Date "2012.09.02"]
[Round "5"]
[White "Ventura, Franco"]
[Black "Spornberger, Maximilian"]
[Result "0-1"]
[WhiteElo "2091"]
[BlackElo "2225"]
[PlyCount "86"]
[EventDate "2012.08.31"]
[EventType "swiss"]
[EventRounds "6"]
[EventCountry "ITA"]
[SourceTitle "EXT 2014"]
[Source "ChessBase"]
[SourceDate "2013.11.20"]
[SourceVersion "1"]
[SourceVersionDate "2013.11.20"]
[SourceQuality "1"]

1. c4 g6 2. Nc3 Bg7 3. g3 d6 4. Bg2 e5 5. d3 Nc6 6. Nf3 f5 7. Rb1 Nf6 8. Bg5 h6 9. Bxf6 Bxf6 10. Nd5 0-0 11. 0-0 Be6 12. e3 Bg7 13. Nd2 Qd7 14. f4 Nd8 15. Qe2 c6 16. Nc3 Nf7 17. Rbd1 Rae8 18. Qf2 b6 19. Kh1 d5 20. Nf3 d4 21. exd4 exd4 22. Nb1 g5 23. Nbd2 g4 24. Ng1 h5 25. h4 gxh3 26. Bxh3 Nh6 27. Ngf3 Bf6 28. Rde1 Ng4 29. Bxg4 fxg4 30. Ne5 Bxe5 31. Rxe5 Bd5+ 32. Rxd5 cxd5 33. Qxd4 Rd8 34. c5 Qg7 35. Nb3 bxc5 36. Qxc5 Rfe8 37. Nd4 Qf6 38. Nc6 Rd7 39. b4 h4 40. Ne5 Rxe5 41. Qc8+ Rd8 42. Qxg4+ Kf8 43. Rc1 Re7 0-1